-
CHAVAN, DR RAJASHREE S. PAWAR Ms SMITA J ,MORE Dr. H.N MORE AND SAWANT Dr. SANJAY D
Entry Personal Name
Number of records used in: 1
001 - CONTROL NUMBER
003 - CONTROL NUMBER IDENTIFIER
005 - DATE AND TIME OF LATEST TRANSACTION
- control field:
20240108120952.0
008 - FIXED-LENGTH DATA ELEMENTS
- fixed length control field:
240108|| aca||aabn | a|a d
040 ## - CATALOGING SOURCE
- Original cataloging agency:
JRU
- Transcribing agency:
JRU
100 ## - HEADING--PERSONAL NAME
- Personal name:
CHAVAN, DR RAJASHREE S. PAWAR Ms SMITA J ,MORE Dr. H.N MORE AND SAWANT Dr. SANJAY D
670 ## - SOURCE DATA FOUND
- Source citation:
Work cat.: (JRU)5777: CHAVAN, DR RAJASHREE S. PAWAR Ms SMITA J ,MORE Dr. H.N MORE AND SAWANT Dr. SANJAY D, PRACTICAL MIDICINAL CHEMISTRY